UBT Library

Iran after the revolution : (Record no. 39169)

000 -LEADER
fixed length control field 00758cam a2200241 a 4500
001 - CONTROL NUMBER
control field 655460
005 - DATE AND TIME OF LATEST TRANSACTION
control field 20171219073641.0
008 - FIXED-LENGTH DATA ELEMENTS--GENERAL INFORMATION
fixed length control field 941027s1995 enk b 001 0 eng
010 ## - LIBRARY OF CONGRESS CONTROL NUMBER
LC control number 94060878
020 ## - INTERNATIONAL STANDARD BOOK NUMBER
International Standard Book Number 1850439052
040 ## - CATALOGING SOURCE
Original cataloging agency DLC
Transcribing agency DLC
Modifying agency DLC
041 ## - LANGUAGE CODE
Language code of text/sound track or separate title eng
043 ## - GEOGRAPHIC AREA CODE
Geographic area code a-ir---
080 ## - UNIVERSAL DECIMAL CLASSIFICATION NUMBER
Universal Decimal Classification number 955.054 RAH
082 00 - DEWEY DECIMAL CLASSIFICATION NUMBER
Classification number 955.054 RAH
Edition number 20
100 ## - Rafti
Rafti 17
101 ## - Shkurtesa
Shkurtesa HIS
245 00 - TITLE STATEMENT
Title Iran after the revolution :
Statement of responsibility, etc edited by Saeed Rahnema and Sohrab Behdad.
504 ## - BIBLIOGRAPHY, ETC. NOTE
Bibliography, etc Includes bibliographical references (p. 269-279) and index.
906 ## - LOCAL DATA ELEMENT F, LDF (RLIN)
a 7
b cbc
c orignew
d 2
e opcn
f 19
g y-gencatlg
942 ## - ADDED ENTRY ELEMENTS (KOHA)
Source of classification or shelving scheme
Item type Books
Holdings
Withdrawn status Lost status Source of classification or shelving scheme Damaged status Not for loan Collection code Permanent location Current location Shelving location Date acquired Total Checkouts Full call number Barcode Date last seen Price effective from Koha item type
          Koleksioni i përgjithshem UBT - Lipjan UBT - Lipjan Koleksioni i përgjithshem 12/19/2017   955.054 RAH 002-2938921 12/19/2017 12/19/2017 Books
UBT Library © 2015-2024. All rights reserved University Education for Business and Technology